000 00994nam a2200277 i 4500
001 bg
100 1 _aPOKOJSKI, Jerzy
245 1 0 _aSystemy doradcze w projektowaniu maszyn /
_cJerzy Pokojski.
260 _aWarszawa :
_bWydawnictwa Naukowo-Techniczne,
_c2005.
300 _a196 s. :
_brys. ;
_c24 cm.
504 _aBibliogr. s. 181-193. Indeks.
521 _aDla studentów wydziałów mechanicznych i budowlanych, inżynierów projektujących układy maszynowe.
650 9 _aMaszyny
_xprojekty
_xoprogramowanie
650 9 _aProjektowanie
_xoprogramowanie
650 9 _aSystemy ekspertowe
_xstosowanie
655 _aPodręczniki akademickie
015 _aPB 9560/2005
020 _a8320430844
040 _cBPK
041 0 _apol
080 _a621.001.13/.14:004.42:004.891](075.8)
920 _a83-204-3084-4
942 _cKS
008 s pl f |000 0 pol
999 _c51506
_d51506
856 _uhttp://koha.tu.koszalin.pl/cgi-bin/koha/opac-detail.pl?biblionumber=51506
_yKatalog online BPK